000 00427nam a2200181Ia 4500
001 2795
005 20260306144833.0
008 260306t2023||||xx |||||||||||||| ||spa||
041 _aESP
082 _a230
_bS735
100 _aSenior, John,
_eAUT
245 0 _aLa restauración de la cultura cristiana
260 _c2023
300 _a244 pƔginas :
_c21 cm.
650 _aGEN
654 _aCHU
942 _cLIB
_dJUS
_fJUS
_2ddc
_n
999 _c2795
_d2795